Psicología de los peruanos en el tiempo y la historia / (Record no. 23616)

000 -CABECERA
fixed length control field 01267nam a22002897i 4500
003 - IDENTIFICADOR DEL NÚMERO DE CONTROL
control field AR-CdUCM
008 - DATOS DE LONGITUD FIJA--INFORMACIÓN GENERAL
fixed length control field 260422b20172017 pe||||| |||| 00| 0 spa d
020 ## - NÚMERO INTERNACIONAL ESTÁNDAR DEL LIBRO
ISBN 978-612-4234-76-7
040 ## - FUENTE DE LA CATALOGACIÓN
Agencia/entidad que catalogó originalmente la obra MUNICIPALIDAD PROVINCIAL DEL CUSCO
Entidad que transcribió la catalogación BIBLIOTECA MUNICIPAL DEL CUSCO
082 ## - NÚMERO DE LA CLASIFICACIÓN DECIMAL DEWEY
No. de Clasificación 155.8985
Notacion interna A34
100 ## - ENTRADA PRINCIPAL--NOMBRE DE PERSONA
Nombre Personal Alarcón, Reynaldo
245 ## - MENCIÓN DE TÍTULO
Título Psicología de los peruanos en el tiempo y la historia /
260 ## - PUBLICACIÓN, DISTRIBUCIÓN, ETC.
Lugar de publicación, distribución, etc. Lima:
Nombre de la editorial, distribuidor, etc. Universidad Ricardo Palma - Editorial Universitaria
Fecha de publicación, distribución, etc. 2017
300 ## - DESCRIPCIÓN FÍSICA
Nº de Páginas Extensión 235 páginas. :
Dimensiones 24x17 cm.
500 ## - NOTA GENERAL
Bibliografía Páginas: 221-236
505 ## - NOTA DE CONTENIDO CON FORMATO
Nota de contenido formateada Cultura y rasgos psicológicos del peruano ancestral -- El indio prehispánico -- El virreinato: Rasgos psicológicos de blancos, criollos, negros y mestizos -- Estilos de comportamiento en el Perú colonial -- ¡Quienes somo los peruanos? -- La psicología de los peruanos, desde el enfoque etnopsicológico
650 ## - PUNTO DE ACCESO ADICIONAL DE MATERIA--TÉRMINO DE MATERIA
Descriptor Cultura y rasgos
9 (RLIN) 52621
650 ## - PUNTO DE ACCESO ADICIONAL DE MATERIA--TÉRMINO DE MATERIA
Descriptor Rasgos psicológicos
9 (RLIN) 52622
650 ## - PUNTO DE ACCESO ADICIONAL DE MATERIA--TÉRMINO DE MATERIA
Descriptor Perfil psicológico
9 (RLIN) 52623
650 ## - PUNTO DE ACCESO ADICIONAL DE MATERIA--TÉRMINO DE MATERIA
Descriptor El prejuicio machista
9 (RLIN) 52624
650 ## - PUNTO DE ACCESO ADICIONAL DE MATERIA--TÉRMINO DE MATERIA
Descriptor El sentimiento religioso
9 (RLIN) 52625
650 ## - PUNTO DE ACCESO ADICIONAL DE MATERIA--TÉRMINO DE MATERIA
Descriptor La inmigración japonesa
9 (RLIN) 52626
650 ## - PUNTO DE ACCESO ADICIONAL DE MATERIA--TÉRMINO DE MATERIA
Descriptor El legado colonial
9 (RLIN) 52627
942 ## - ELEMENTOS DE PUNTO DE ACCESO ADICIONAL (KOHA)
Fuente de clasificación
Tipo de item Libros-BMC
945 ## - PROCESAMIENTO DE INFORMACIÓN LOCAL (OCLC)
Catalogador pbjr
AAAA-MM-DD - Fecha de ingreso o modificacion 22-04-2026
Holdings
Estado de retiro (separado) Fuente de clasificación o esquema de estanterías Estado dañado Ubicación Sala donde se ubica Nombre de la colección Fecha de adquisición o compra Fuente de adquisición Costo, precio normal en soles Signatura topográfica Código de Barras Última vez visto (Koha) Tipo de ítem (Koha)
No     Sala Humanidades Sala Humanidades Book Cart 2026-04-22 Donación 20.00 155.8985 / A34 SH0000017094 2026-04-22 Libros-BMC
No     Sala Humanidades Sala Humanidades Book Cart 2026-04-22 Donación 20.00 155.8985 / A34 / e.2 SH0000017095 2026-04-22 Libros-BMC

Powered by Koha